000 01140nam a2200301 4500
001 0000013826
003 CO-CtgCURN
005 20250512231255.0
007 ta
008 160627s1994 000 0 eng d
020 _a958915719X
040 _aCO-CtgCURN
_bspa
_ccoctgcurn
082 0 _a344.01
_bL13t2
100 1 _aLafont de Leon, Francisco Ostau.
245 1 0 _aTratado de derecho laboral colectivo /
_cFrancisco O. Lafont de Leon.
260 _aBogotá :
_bEdiciones Ciencia y derecho,
_c1994.
300 _axxxi, 431 p.
336 _2rdacontent
337 _2rdamedia
_asin mediacion
_bn
338 _2rdacarrier
_avolumen
_bnc
500 _av. 2 Colectivo.
504 _aBibliografia (p. 421-431)
505 8 _aHistoria del derecho laboral.--Derecho laboral colectivo.--Asociacion sindical.--Organizaciones sindicales.--Huelga.--Tribunal de arbitramiento.--Contratos sindicales.--Conflictos colectivos laborales.--Tribunal de arbitramento
650 1 4 _aContratos de trabajo.
908 _a160627
942 _cBK
_h344.01
_iL13t2
_2ddc
_n0
999 _c19602
_d19602